000 00286nam a22001337a 4500
008 170421b xxu||||| |||| 00| 0 eng d
020 _a9780805371468
041 _aeng
080 _27 ED
_a573
100 _a11
101 _aSHM
245 _aBIOLOGY
_cCAMPBELL.N.A
942 _2udc
_cBK
999 _c11420
_d11420